Turbulence and nonlinear processes in astrophysical plasmas (Record no. 17331)

MARC details
000 -LEADER
fixed length control field 00942nam a2200229Ia 4500
003 - CONTROL NUMBER IDENTIFIER
control field IN-BaIIA
008 - FIXED-LENGTH DATA ELEMENTS--GENERAL INFORMATION
fixed length control field 211028s9999 xx 000 0 eng d
020 ## - INTERNATIONAL STANDARD BOOK NUMBER
International Standard Book Number 978-0-7354-0443-4
040 ## - CATALOGING SOURCE
Transcribing agency IIA Library
080 ## - UNIVERSAL DECIMAL CLASSIFICATION NUMBER
Universal Decimal Classification number 523.9-466(082.1)
Item number TUR
111 ## - MAIN ENTRY--MEETING NAME
Number of part/section/meeting 6th
Location of meeting Oahu
Date of meeting or treaty signing 2007 Mar. 16-22
9 (RLIN) 32665
245 #0 - TITLE STATEMENT
Title Turbulence and nonlinear processes in astrophysical plasmas
Remainder of title proceedings of the 6th annual international Astrophysics Conference on turbulence and nonlinear processes in astrophysical plasmas, held in Oahu, Hawaii, 16-22 March 2007
Statement of responsibility, etc. edited by Shaikh, Dastgeer..[et.al]
250 ## - EDITION STATEMENT
Edition statement 6th ed.
260 ## - PUBLICATION, DISTRIBUTION, ETC.
Place of publication, distribution, etc. Melville
Name of publisher, distributor, etc. American Institute of Physics
Date of publication, distribution, etc. 2007
300 ## - PHYSICAL DESCRIPTION
Extent [various pagings.]
650 ## - SUBJECT ADDED ENTRY--TOPICAL TERM
Topical term or geographic name entry element Astrophysical plasmas-Congresses
9 (RLIN) 32666
650 ## - SUBJECT ADDED ENTRY--TOPICAL TERM
Topical term or geographic name entry element Plasma Physics-Congresses
9 (RLIN) 32667
650 ## - SUBJECT ADDED ENTRY--TOPICAL TERM
Topical term or geographic name entry element Turbulence-Congresses
9 (RLIN) 32668
700 ## - ADDED ENTRY--PERSONAL NAME
Personal name Shaikh, Dastgeer., ed.
9 (RLIN) 32669
700 ## - ADDED ENTRY--PERSONAL NAME
Personal name Zank, Gary P., ed.
9 (RLIN) 30265
942 ## - ADDED ENTRY ELEMENTS (KOHA)
Koha item type Books
Holdings
Withdrawn status Lost status Damaged status Not for loan Home library Current library Shelving location Date acquired Source of acquisition Total Checkouts Full call number Barcode Date last seen Price effective from Koha item type Purchase Price
        IIA Library-Bangalore IIA Library-Bangalore General Stacks 01/06/2009 BSS   523.9-466(082.1)/ TUR 18253 05/11/2021 01/06/2009 Books £ 11.99

Powered by Koha